000 01144nam a22002537a 4500
003 OSt
005 20220209110731.0
008 220117b |||||||| |||| 00| 0 eng d
020 _aT230
040 _cSTCP
041 _aENG
082 _a894.812
_bSUM-T
100 _aSumi Surendran
110 _aGuided by Davis Xavier
111 _aMahatma Gandhi University Kottayam, Post Graduate and Research Department of Malayalam, St Thomas Colleage Palai
245 _aThozhil anubhavangalude kadhakadhanam :
_bAkbar Kakkattil, Vaisakhan, Ashokan Charuvil ennivarude kathakale adisthanamakkiyulla padanam /
_cby Sumi Surendran
_hതൊഴിൽ അനുഭവങ്ങളുടെ കഥാകഥനം : അക്‌ബർ കക്കട്ടിൽ, വൈശാഖൻ, അശോകൻ ചരുവിൽ എന്നിവരുടെ കഥകളെ അടിസ്ഥാനമാക്കിയുള്ള പഠനം
260 _aPala :
_cJune2019
300 _a223 p.
_bHB
650 _aMalayalam
856 _uhttps://shodhganga.inflibnet.ac.in/handle/10603/342664
942 _cTHE
942 _n0
_2ddc
942 _2ddc
_n0
999 _c75525
_d75525